000 00952nam a22003257a 4500
001 BR7703014
003 BR-BrBNA
005 20230928085309.0
007 ta
008 230509b bl.||||| |||| 00| 0 por d
040 _aBR-BrBNA
_bpor
_cBiblioteca Nacional de Agricultura
041 _a(Por)
072 _aE15
_b/G514
090 _ E15 BR7703014
100 1 _aAraujo, H.P. de
100 1 _aSena, A.A.C.B.
100 1 _aSilva, F. de A.
100 1 _aSousa, R.R. de
110 1 _aComissao Estadual de Planejamento Agricola do Piaui, Teresina (Brasil)
_92040
245 1 _aPrograma Integrado de Desenvolvimento do Cooperativismo para o estado do Piaui, ano 1977 [Brasil]
260 3 _aTeresina, PI (Brasil):
_c1977.
300 _a67 p.
500 _a50 tables
650 _aMicroeconomia
650 _aCooperativa
650 _aProjeto de desenvolvimento
650 _aPiaui
909 _a202309
_bLucia
_c55
_dLucia Elande
942 _cBK
999 _c23727
_d23727